A journal of a voyage of discovery to the arctic regions, in his majesty's ships Hecla and Griper, in the years 1819 & 1820

Αποθηκεύτηκε σε:
Λεπτομέρειες βιβλιογραφικής εγγραφής
Κύριος συγγραφέας: Fisher, Alexander (Συγγραφέας)
Μορφή: Βιβλίο
Γλώσσα:Αγγλικά
Έκδοση: Londres Longman, Hurst, Rees, Orme, and Brown 1821
Έκδοση:3a. ed
Θέματα:
Ετικέτες: Προσθήκη ετικέτας
Δεν υπάρχουν, Καταχωρήστε ετικέτα πρώτοι!

MARC

LEADER 00000nam a2200000 a 4500
001 UCJ3753
003 CL-VaPUC
005 20250227100116.0
008 070124e18210000UK |||||||||||||||||eng|d
999 |c 319875  |d 319873 
040 |c Pontificia Universidad Católica de Valparaíso 
082 0 4 |a 910.4  |b FIS  |2 21 
100 0 |a Fisher, Alexander  |e author  |9 506080 
245 1 2 |a A journal of a voyage of discovery to the arctic regions, in his majesty's ships Hecla and Griper, in the years 1819 & 1820 
250 |a 3a. ed 
260 |a Londres  |b Longman, Hurst, Rees, Orme, and Brown  |c 1821 
300 |a 320 p 
500 |a Contiene tablas astronómicas y de mareas y numerosas ilustraciones 
583 |a last modification  |c 20070124 00:00:00  |k Rodrigo Vera 
600 0 7 |a Parry, William Edward  |d 1790-1855  |9 880774 
600 0 7 |a LIDDON, MATTHEW  |9 506081 
650 0 |a Viajes  |9 257115 
650 0 |a Descubrimientos geográficos  |9 331933 
650 7 |a METEOROLOGIA  |2 CL-VaPUC  |9 260030 
650 7 |a GLACIOLOGIA  |2 CL-VaPUC  |9 330910 
650 7 |a FAUNA  |2 CL-VaPUC  |9 349523 
651 7 |a REGION ARTICA  |2 CL-VaPUC  |9 366377 
942 |c BK  |2 ddc 
945 |d 20070124 00:00:00  |a rinostro 
952 |0 0  |1 0  |4 0  |6 910_400000000000000_FIS_1821  |7 0  |8 X  |9 398275  |a FDOBUD  |b FDOBUD  |d 2019-11-22  |i 100784K  |o 910.4 FIS 1821  |p 100784K  |r 2019-11-22  |w 2019-11-22  |y BK_X  |k BUD